Library Banner

The seven habits of highly effective people (Record no. 10314)

MARC details
000 -LEADER
fixed length control field 00431nam a2200181Ia 4500
001 - CONTROL NUMBER
control field 9120
008 - FIXED-LENGTH DATA ELEMENTS--GENERAL INFORMATION
fixed length control field 140326s9999 xx 000 0 und d
020 ## - INTERNATIONAL STANDARD BOOK NUMBER
International Standard Book Number 0-671-70863-5
040 ## - CATALOGING SOURCE
Transcribing agency PK-LaUMT
082 ## - DEWEY DECIMAL CLASSIFICATION NUMBER
Classification number 158.1
Item number COV-S
100 ## - MAIN ENTRY--PERSONAL NAME
Personal name Covey, Stephen R.
245 #4 - TITLE STATEMENT
Title The seven habits of highly effective people
Statement of responsibility, etc Covey, Stephen R.
260 ## - PUBLICATION, DISTRIBUTION, ETC. (IMPRINT)
Date of publication, distribution, etc 1989
300 ## - PHYSICAL DESCRIPTION
Extent 358 p.
546 ## - LANGUAGE NOTE
Language note EN
650 ## - SUBJECT ADDED ENTRY--TOPICAL TERM
Topical term or geographic name as entry element Character
942 ## - ADDED ENTRY ELEMENTS (KOHA)
Koha item type Books
Holdings
Withdrawn status Lost status Damaged status Not for loan Home library Current library Date acquired Total Checkouts Full call number Barcode Checked out Date last seen Date checked out Price effective from Koha item type
        UMT Main Campus UMT Main Campus 2014-03-26 7 158.1 COV-S 10187 2019-09-16 2019-09-02 2019-09-02 2014-03-26 Books